[Event "10, Moscow"]
[Site "10, Moscow"]
[Date "1985.??.??"]
[Round "?"]
[White "Vaganian, Rafael A"]
[Black "Speelman, Jonathan S"]
[Result "1-0"]
[WhiteElo "2640"]
[BlackElo "2530"]
[PlyCount "65"]
[EventDate "1985.??.??"]
[Source "www.chesslib.no"]
[SourceDate "2004.05.04"]

1. Nf3 d5 2. g3 g6 3. c4 d4 4. b4 Bg7 5. d3 e5 6. Nbd2 Ne7 7. Bg2 O-O 8. O-O h6 9. a4 Be6 10. Ba3 Qc8 11. Re1 Bh3 12. Bh1 Nf5 13. b5 Re8 14. Ne4 Nd7 15. e3 dxe3 16. fxe3 Nf6 17. Nxf6+ Bxf6 18. Nd2 Bg5 19. Qf3 Nd4 20. Qxb7 Qg4 21. Qe4 Qd7 22. Ra2 Rad8 23. Nf1 a6 24. Bb4 axb5 25. exd4 exd4 26. Qc6 Rxe1 27. Bxe1 Qe7 28. Qe4 Qf8 29. axb5 Re8 30. Ra8 Bd8 31. Bb4 Rxe4 32. Bxf8 Re1 33. Bg2 1-0

[Event "Bonn GSK"]
[Site "Bonn"]
[Date "1994.??.??"]
[Round "8"]
[White "Kengis, Edvins"]
[Black "Romanishin, Oleg M"]
[Result "1-0"]
[WhiteElo "2565"]
[BlackElo "2590"]
[PlyCount "77"]
[EventDate "1994.??.??"]
[Source "ChessBase"]

1. Nf3 Nf6 2. g3 d5 3. Bg2 g6 4. c4 dxc4 5. Qa4+ Nbd7 6. Qxc4 Bg7 7. d3 O-O 8. O-O c6 9. Nc3 e5 10. Be3 Nb6 11. Qb3 Nbd5 12. Bd2 Re8 13. Ng5 Re7 14. Rfd1 h6 15. Nf3 Qe8 16. Nxd5 Nxd5 17. e4 Nc7 18. Be3 Nb5 19. a4 Be6 20. Qb4 Nc7 21. d4 Na6 22. Qc3 Bg4 23. dxe5 Bxf3 24. Bxf3 Bxe5 25. Qd2 h5 26. Ra3 b6 27. a5 c5 28. axb6 axb6 29. Bg5 Re6 30. Qe2 b5 31. Rd5 c4 32. Bg2 Kh7 33. g4 Nc7 34. Rxa8 Qxa8 35. Rd7 Qa1+ 36. Bf1 Kg8 37. gxh5 Ne8 38. Qf3 Nf6 39. hxg6 1-0

[Event "HUN-GER Match"]
[Site "Budapest"]
[Date "2004.09.16"]
[Round "1"]
[White "Bischoff, Klaus"]
[Black "Varga, Zoltan"]
[Result "1/2-1/2"]
[WhiteElo "2559"]
[BlackElo "2592"]
[PlyCount "51"]
[EventDate "2004.09.16"]
[Source "Roberto Alvarez"]
[SourceDate "2004.10.05"]

1. Nf3 c5 2. g3 d5 3. c4 d4 4. b4 cxb4 5. a3 b3 6. Qxb3 Nc6 7. Bg2 e5 8. d3 Be7 9. O-O Nf6 10. Bg5 Nd7 11. Bxe7 Qxe7 12. Nbd2 Nc5 13. Qc2 O-O 14. Nb3 Ne6 15. Nfd2 Bd7 16. Rfb1 Rac8 17. Qd1 Rc7 18. Bd5 Kh8 19. Nf3 Qd6 20. Qe1 Ned8 21. Nbd2 Bg4 22. Rb5 f6 23. Qb1 b6 24. a4 Qe7 25. Ne4 Nb7 26. Ra2 1/2-1/2

[Event "Leon"]
[Site "?"]
[Date "1994.??.??"]
[Round "?"]
[White "Ubilava, E."]
[Black "Kortchnoi, V."]
[Result "1-0"]
[WhiteElo "2535"]
[BlackElo "2615"]
[PlyCount "109"]
[EventDate "1994.??.??"]
[Source "ChessBase"]
[SourceDate "1994.02.01"]

1. Nf3 Nf6 2. g3 c5 3. Bg2 d5 4. c4 d4 5. O-O Nc6 6. d3 Bf5 7. Qb3 Qc7 8. e4 Bg4 9. Nh4 e5 10. f4 Be7 11. Nd2 exf4 12. gxf4 Nh5 13. Nf5 Bxf5 14. exf5 g6 15. Nf3 gxf5 16. Ne5 Rg8 17. Kh1 Rxg2 18. Kxg2 Nxe5 19. fxe5 Qc6+ 20. Kh3 O-O-O 21. Qd1 Qg6 22. Qf3 Ng7 23. Bd2 h6 24. Rg1 Bg5 25. Raf1 Ne6 26. Bxg5 hxg5 27. Qxf5 Qh5+ 28. Kg2 Rh8 29. h3 Kb8 30. Rf3 Nf4+ 31. Rxf4 gxf4 32. Qxh5 Rxh5 33. Rf1 Rg5+ 34. Kf3 Rxe5 35. Kxf4 Re6 36. Rh1 Kc7 37. h4 Rf6+ 38. Kg5 Rg6+ 39. Kf5 Kd7 40. h5 Rh6 41. Kg5 Rh7 42. h6 Ke8 43. a3 a5 44. b3 Kf8 45. Re1 Rh8 46. Kh5 b6 47. Re2 Rh7 48. b4 cxb4 49. axb4 axb4 50. Rb2 f5 51. Rxb4 Rf7 52. Rxb6 Kg8 53. c5 f4 54. c6 f3 55. Rb8+ 1-0

[Event "Ch team"]
[Site "?"]
[Date "2000.??.??"]
[Round "4"]
[White "Hulak Krunoslav"]
[Black "Sokolov Ivan"]
[Result "0-1"]
[WhiteElo "2495"]
[BlackElo "2637"]
[PlyCount "74"]
[EventDate "2000.??.??"]
[Source "www.chesslib.no"]
[SourceDate "2004.05.04"]

1. g3 d5 2. Bg2 e5 3. c4 d4 4. d3 Nc6 5. Nf3 Bb4+ 6. Nfd2 a5 7. Na3 Nf6 8. Nc2 O-O 9. Nxb4 axb4 10. O-O Bf5 11. Nb3 Ra6 12. a4 bxa3 13. bxa3 Qe7 14. a4 Rb8 15. Qd2 e4 16. Qf4 Bg6 17. Ba3 Nb4 18. dxe4 Rxa4 19. e5 Nd7 20. e6 Nb6 21. exf7+ Bxf7 22. Nxd4 Nxc4 23. Nf5 Qf6 24. Bxb4 Rxb4 25. Qxc7 Re8 26. e4 Nd2 27. Nd6 Nxf1 28. Rxf1 Rf8 29. Qc5 Qb2 30. e5 b6 31. Qc6 Be6 32. Bd5 Qxe5 33. Bg2 Rd4 34. Nb5 Bd7 35. Nxd4 Bxc6 36. Nxc6 Qc5 37. h4 Rc8 0-1

[Event "Mephisto-GM-Turnier"]
[Site "Altensteig"]
[Date "1993.??.??"]
[Round "5"]
[White "Bischoff, Klaus"]
[Black "Romanishin, Oleg M"]
[Result "1/2-1/2"]
[WhiteElo "2515"]
[BlackElo "2615"]
[PlyCount "37"]
[EventDate "1993.07.??"]
[Source "ChessBase"]

1. Nf3 Nf6 2. g3 d5 3. Bg2 g6 4. c4 dxc4 5. Qa4+ Nbd7 6. O-O Bg7 7. Qxc4 O-O 8. Nc3 e5 9. d3 c6 10. Qh4 Re8 11. Bh6 Nf8 12. Rfc1 Bg4 13. Nd2 Bxh6 14. Qxh6 Qe7 15. h3 Be6 16. Nf3 Bd7 17. Rd1 Rad8 18. Rac1 Bc8 19. Qh4 1/2-1/2

[Event "Philadelphia"]
[Site "?"]
[Date "1995.??.??"]
[Round "?"]
[White "Norwood, D."]
[Black "Yermolinsky, A."]
[Result "0-1"]
[WhiteElo "2545"]
[BlackElo "2560"]
[PlyCount "68"]
[EventDate "1995.??.??"]
[Source "ChessBase"]
[SourceDate "1995.06.01"]

1. g3 d5 2. Nf3 g6 3. c4 d4 4. b4 Bg7 5. Bb2 e5 6. d3 a5 7. b5 Ne7 8. Bg2 O-O 9. O-O c5 10. bxc6 Nexc6 11. Na3 Na6 12. Nb5 Bg4 13. Nd2 Qd7 14. Ba3 Nab4 15. Bxb4 axb4 16. Re1 Ra6 17. Qb3 Rfa8 18. Ne4 Qe7 19. e3 dxe3 20. fxe3 Be6 21. Nd2 Na7 22. Nxa7 R8xa7 23. Qc2 b5 24. cxb5 Rxa2 25. Rxa2 Rxa2 26. Qc1 Qd8 27. Bc6 Qxd3 28. Ne4 b3 29. Qc3 Qc2 30. Qxc2 Rxc2 31. Ng5 b2 32. Be4 Rc1 33. Kf2 Rxe1 34. Kxe1 Bf5 0-1

[Event "RUS Ch"]
[Site "Elista RUS"]
[Date "1994.??.??"]
[Round "6"]
[White "Kuporosov, Viktor"]
[Black "Sokolov, Andrei"]
[Result "1/2-1/2"]
[WhiteElo "2520"]
[BlackElo "2580"]
[PlyCount "45"]
[EventDate "1994.09.??"]
[Source "www.chesslib.no"]
[SourceDate "2004.05.04"]

1. Nf3 Nf6 2. g3 d5 3. c4 dxc4 4. Qa4+ Nbd7 5. Bg2 e6 6. O-O a6 7. Qxc4 c5 8. Qc2 b6 9. b3 Bb7 10. Bb2 Be7 11. d3 O-O 12. Nbd2 Rc8 13. Rac1 Qc7 14. Nc4 Rfd8 15. Rfd1 b5 16. Nce5 Qb6 17. Qb1 Nxe5 18. Nxe5 Nd5 19. Nf3 Nb4 20. Bc3 Nd5 21. Bb2 Nb4 22. Bc3 Nd5 23. Bb2 1/2-1/2

[Event "EUCup final"]
[Site "Ljubljana"]
[Date "1995.??.??"]
[Round "3"]
[White "Anastasian, Ashot"]
[Black "Pinter, Jozsef"]
[Result "1-0"]
[WhiteElo "2520"]
[BlackElo "2565"]
[PlyCount "107"]
[EventDate "1995.12.??"]
[Source "ChessBase"]

1. c4 Nf6 2. Nf3 c5 3. g3 d5 4. Bg2 Nc6 5. O-O d4 6. d3 e5 7. a3 a5 8. e3 Be7 9. exd4 exd4 10. Re1 h6 11. Bf4 O-O 12. Ne5 Nxe5 13. Bxe5 Ng4 14. Nd2 Ra6 15. h3 Nxe5 16. Rxe5 Rg6 17. Qh5 Bd6 18. Re2 Rg5 19. Qh4 Re5 20. Qxd8 Rxd8 21. Rxe5 Bxe5 22. h4 a4 23. Rb1 Bc7 24. Be4 Kf8 25. b4 axb3 26. Nxb3 b6 27. a4 f5 28. Bf3 f4 29. g4 h5 30. gxh5 Bf5 31. Rd1 Bd6 32. Kg2 Be7 33. a5 bxa5 34. Nxa5 Rc8 35. Bd5 Bg4 36. Bf3 Bf5 37. Nc6 Bxh4 38. Ne5 Ke7 39. Ng6+ Bxg6 40. hxg6 Kf6 41. Be4 f3+ 42. Kxf3 Rf8 43. Kg4 Bxf2 44. Rh1 Be3 45. Rh5 Ke6 46. Rxc5 Rf4+ 47. Kg3 Rf8 48. Ra5 Bf4+ 49. Kg4 Bd6 50. Bf5+ Kf6 51. c5 Bb8 52. Rb5 Bh2 53. Rb7 Be5 54. c6 1-0

[Event "Villa de Benasque 19th op"]
[Site "?"]
[Date "1999.??.??"]
[Round "6"]
[White "Sulava Nenad"]
[Black "Giorgadze Giorgi"]
[Result "1/2-1/2"]
[WhiteElo "2466"]
[BlackElo "2616"]
[PlyCount "58"]
[EventDate "1999.??.??"]
[Source "www.chesslib.no"]
[SourceDate "2004.05.04"]

1. Nf3 d5 2. g3 Nc6 3. c4 d4 4. Bg2 e5 5. O-O Nf6 6. b4 e4 7. Ng5 Bxb4 8. Nxe4 Nxe4 9. Bxe4 Bh3 10. Re1 O-O 11. a3 Bd6 12. d3 Qd7 13. Nd2 Kh8 14. Rb1 Nd8 15. Bh1 f5 16. Bb2 f4 17. Ne4 Be7 18. e3 fxe3 19. fxe3 Bg4 20. Qd2 Ne6 21. Bg2 Rad8 22. Kh1 c5 23. exd4 cxd4 24. Rf1 b6 25. Rbe1 h6 26. Bc1 Ng5 27. Rxf8+ Rxf8 28. Nxg5 Bxg5 29. Qb4 Re8 1/2-1/2

[Event "41st New York Masters"]
[Site "New York"]
[Date "2003.01.28"]
[Round "3"]
[White "Kacheishvili, Giorgi"]
[Black "Krush, Irina"]
[Result "1-0"]
[WhiteElo "2681"]
[BlackElo "2400"]
[PlyCount "59"]
[EventDate "2003.01.28"]
[Source "Roberto Alvarez"]
[SourceDate "2003.05.19"]

1. g3 e5 2. Bg2 d5 3. c4 d4 4. d3 c5 5. Nf3 Nc6 6. O-O Nf6 7. e3 Be7 8. exd4 cxd4 9. b4 Nd7 10. b5 Ncb8 11. Re1 f6 12. Nbd2 Nc5 13. Nb3 Nbd7 14. Nh4 g6 15. f4 O-O 16. Nf3 Nxb3 17. axb3 Bb4 18. Re2 Nc5 19. fxe5 Bf5 20. Bd2 Bxd2 21. Rxd2 fxe5 22. b4 Nd7 23. Nh4 Qc7 24. Rda2 Qb6 25. Nxf5 gxf5 26. c5 Qxb5 27. Qb3+ Kh8 28. Ra5 Nxc5 29. Qd5 Qxd3 30. Qxe5+ 1-0

[Event "Maribor"]
[Site "Maribor"]
[Date "1996.??.??"]
[Round "?"]
[White "Mohr, Georg"]
[Black "Sax, Gyula"]
[Result "0-1"]
[WhiteElo "2495"]
[BlackElo "2560"]
[PlyCount "104"]
[EventDate "1996.05.??"]
[Source "ChessBase"]

1. Nf3 Nf6 2. c4 c5 3. g3 d5 4. Bg2 Nc6 5. O-O d4 6. e3 e5 7. exd4 exd4 8. Re1+ Be7 9. d3 O-O 10. Bf4 Bd6 11. Bg5 h6 12. Bxf6 Qxf6 13. Nbd2 Qd8 14. Ne4 Be7 15. a3 Rb8 16. Re2 Bg4 17. h3 Bh5 18. Qa4 Qc7 19. Rae1 Bxf3 20. Bxf3 Ne5 21. Nd2 Bd6 22. Be4 f5 23. Bd5+ Kh8 24. Qc2 f4 25. g4 f3 26. Rxe5 Bxe5 27. Nxf3 Bf6 28. Qe2 Qd7 29. g5 Rbe8 30. Be4 Be5 31. Kg2 Qd8 32. Bg6 Re6 33. Be4 Bf4 34. Kh1 Bxg5 35. Nh2 Rf4 36. Ng4 Qe7 37. Kg2 Rf8 38. f3 Bf4 39. Qf2 Bc7 40. Qd2 Qg5 41. Qxg5 hxg5 42. h4 gxh4 43. Rh1 Bg3 44. b4 b6 45. b5 g5 46. Kh3 Rxe4 47. fxe4 Rf3 48. Nh6 Rf4 49. Rd1 Kh7 50. Nf5 g4+ 51. Kg2 Rf2+ 52. Kg1 h3 0-1

[Event "Chigorin Memorial"]
[Site "St. Petersburg"]
[Date "2004.10.23"]
[Round "8.9"]
[White "Kokarev, Dmitry"]
[Black "Kruppa, Yuri"]
[Result "1/2-1/2"]
[WhiteElo "2495"]
[BlackElo "2547"]
[PlyCount "40"]
[EventDate "2004.10.15"]
[Source "Roberto Alvarez"]
[SourceDate "2004.11.08"]

1. Nf3 d5 2. g3 g6 3. Bg2 Bg7 4. c4 dxc4 5. Qa4+ Nc6 6. Nc3 e5 7. Qxc4 Nge7 8. O-O h6 9. d3 Be6 10. Qa4 O-O 11. Be3 Nd4 12. Rac1 c6 13. Rfe1 a5 14. Nd2 f5 15. Qa3 Re8 16. Na4 Bf7 17. Nc5 Qc7 18. Ndb3 Nxb3 19. Nxb3 Nd5 20. Bc5 Red8 1/2-1/2

[Event "SLO-chT"]
[Site "Celje"]
[Date "2004.11.30"]
[Round "2"]
[White "Velickovic, Zoran"]
[Black "Naiditsch, Arkadij"]
[Result "0-1"]
[WhiteElo "2425"]
[BlackElo "2611"]
[PlyCount "126"]
[EventDate "2004.11.29"]
[Source "Roberto Alvarez"]
[SourceDate "2004.12.06"]

1. Nf3 Nf6 2. g3 d5 3. c4 dxc4 4. Bg2 Be6 5. O-O Nbd7 6. Nc3 Nb6 7. Ng5 Bc8 8. b3 cxb3 9. Qxb3 e6 10. d4 Be7 11. e4 O-O 12. Rd1 Bd7 13. h3 Qe8 14. Ba3 a5 15. Bc5 h6 16. Bxb6 cxb6 17. e5 Nd5 18. Nxd5 exd5 19. Nf3 b5 20. Qxd5 Bc6 21. Qb3 b4 22. Qe3 Bd5 23. Ne1 Rd8 24. Bxd5 Rxd5 25. Qe4 Qd7 26. h4 Rd8 27. Nf3 Bc5 28. Rd2 Bb6 29. Rc1 a4 30. g4 Rb5 31. g5 h5 32. g6 Qg4+ 33. Qxg4 hxg4 34. Ng5 fxg6 35. Ne6 Ra8 36. Nc7 Bxc7 37. Rxc7 b3 38. axb3 axb3 39. Rc1 b2 40. Rb1 Ra1 41. Rdd1 Rxb1 42. Rxb1 Kf7 43. d5 Rxd5 44. Rxb2 b5 45. Rb4 Rxe5 46. Rxg4 Re6 47. Rb4 Rb6 48. Kf1 Ke6 49. Ke2 Kd5 50. Kd3 Kc5 51. Rg4 Rf6 52. f4 Kb4 53. f5+ Ka3 54. fxg6 b4 55. Rg5 b3 56. Ra5+ Kb4 57. Ra7 Rd6+ 58. Ke2 Rxg6 59. Kd2 Rg1 60. h5 b2 61. Rb7+ Ka3 62. Ra7+ Kb3 63. Rb7+ Ka2 0-1

[Event "Buenos Aires ARG"]
[Site "Buenos Aires ARG"]
[Date "1994.??.??"]
[Round "?"]
[White "Conquest, Stuart"]
[Black "Campora, Daniel H"]
[Result "0-1"]
[WhiteElo "2495"]
[BlackElo "2535"]
[PlyCount "34"]
[EventDate "1994.??.??"]
[Source "www.chesslib.no"]
[SourceDate "2004.05.04"]

1. g3 d5 2. Bg2 e5 3. c4 d4 4. d3 Nc6 5. Nf3 Nge7 6. b4 Ng6 7. a3 Be7 8. h4 f6 9. Nbd2 O-O 10. Bb2 Re8 11. Qb3 Be6 12. e3 dxe3 13. fxe3 a5 14. b5 a4 15. Qc3 Na7 16. h5 Kf7 17. h6 Qd7 0-1

[Event "Buenos Aires"]
[Site "?"]
[Date "1994.??.??"]
[Round "?"]
[White "Conquest, S."]
[Black "Campora, Daniel Hugo"]
[Result "0-1"]
[WhiteElo "2495"]
[BlackElo "2535"]
[PlyCount "82"]
[EventDate "1994.??.??"]
[Source "ChessBase"]
[SourceDate "1994.02.01"]

1. g3 d5 2. Bg2 e5 3. c4 d4 4. d3 Nc6 5. Nf3 Nge7 6. b4 Ng6 7. a3 Be7 8. h4 f6 9. Nbd2 O-O 10. Bb2 Re8 11. Qb3 Be6 12. e3 dxe3 13. fxe3 a5 14. b5 a4 15. Qc3 Na5 16. h5 Nf8 17. h6 c6 18. hxg7 Ng6 19. Kf2 cxb5 20. Rh6 bxc4 21. d4 Nc6 22. Rah1 Kf7 23. Qc2 exd4 24. Nxd4 Nxd4 25. Bxd4 Rg8 26. Nf3 Ra5 27. Bc3 Rc5 28. Nd4 Ne5 29. Nxe6 Qd3 30. Qxd3 Nxd3+ 31. Ke2 Kxe6 32. Rxh7 b5 33. R1h5 Ne5 34. Bd4 Rc7 35. Bxe5 fxe5 36. Bh3+ Kf7 37. R5h6 Bf6 38. Bg4 Rxg7 39. Kf3 c3 40. Bf5 c2 41. Bg6+ Ke7 0-1

[Event "SCG First League m"]
[Site "?"]
[Date "2005.10.22"]
[Round "6"]
[White "Pavlovic Milo"]
[Black "Perunovic Milos"]
[Result "1/2-1/2"]
[WhiteElo "2507"]
[BlackElo "2514"]
[PlyCount "33"]
[EventDate "2005.??.??"]
[Source "www.chesslib.no"]
[SourceDate "2004.05.04"]

1. c4 Nf6 2. g3 c5 3. Bg2 d5 4. Nf3 Nc6 5. O-O d4 6. e3 e5 7. exd4 exd4 8. d3 Be7 9. Bf4 O-O 10. Ne5 Nxe5 11. Bxe5 Ng4 12. Re1 Bd6 13. Bxd6 Qxd6 14. Nd2 Nf6 15. Qe2 Qb6 16. b3 Bd7 17. Ne4 1/2-1/2

[Event "Graz Open"]
[Site "Graz AUT"]
[Date "1994.??.??"]
[Round "6"]
[White "Dizdar, Goran"]
[Black "Cebalo, Miso"]
[Result "0-1"]
[WhiteElo "2500"]
[BlackElo "2520"]
[PlyCount "60"]
[EventDate "1994.09.??"]
[Source "www.chesslib.no"]
[SourceDate "2004.05.04"]

1. Nf3 Nf6 2. c4 c5 3. g3 Nc6 4. Bg2 d5 5. O-O d4 6. d3 e5 7. b4 cxb4 8. a3 a5 9. Qa4 Bd7 10. Qb5 Bd6 11. c5 Bc7 12. Qxb7 O-O 13. Bg5 Rb8 14. Qa6 b3 15. Nbd2 h6 16. Bxf6 Qxf6 17. Qc4 a4 18. Qxa4 Qe7 19. Nh4 Na5 20. c6 Be6 21. e3 Rfd8 22. Nc4 Nxc4 23. dxc4 Qc5 24. Rab1 b2 25. Bd5 Rxd5 26. cxd5 Bxd5 27. exd4 exd4 28. Nf5 Be4 29. Rxb2 Rxb2 30. Qxd4 Qxf5 0-1

[Event "Cup Yug M 2002"]
[Site "?"]
[Date "2002.05.19"]
[Round "7"]
[White "Vukic Milan"]
[Black "Abramovic Bosko"]
[Result "0-1"]
[WhiteElo "2509"]
[BlackElo "2509"]
[PlyCount "112"]
[EventDate "2002.??.??"]
[Source "www.chesslib.no"]
[SourceDate "2004.05.04"]

1. Nf3 d5 2. g3 c5 3. Bg2 Nc6 4. c4 d4 5. O-O e5 6. d3 Bd6 7. e3 Nge7 8. exd4 cxd4 9. Re1 O-O 10. a3 a5 11. Nbd2 h6 12. Qc2 Ng6 13. c5 Bc7 14. h4 Nge7 15. Nc4 f6 16. Bd2 a4 17. b4 axb3 18. Qxb3 Kh8 19. Bb4 Be6 20. Nfd2 Qd7 21. Qb2 Nd5 22. Rec1 f5 23. Re1 Rae8 24. Rac1 Bg8 25. Nf1 Ncxb4 26. axb4 Qb5 27. Bxd5 Bxd5 28. Nfd2 Qd7 29. b5 f4 30. Ne4 Qh3 31. f3 Bxe4 32. Rxe4 Qxg3+ 33. Qg2 Qxh4 34. b6 Bb8 35. Nd2 Rf5 36. Qh2 Qe7 37. Re2 Qf7 38. Ne4 Re6 39. Kf1 Rh5 40. Qg1 Rh3 41. Kf2 Rg6 42. Qf1 Rh2+ 43. Ke1 Rxe2+ 44. Kxe2 Qa2+ 45. Nd2 e4 46. dxe4 Qa3 47. Nc4 d3+ 48. Kd1 Qa4+ 49. Ke1 Qb4+ 50. Kd1 Qxc5 51. Kd2 Be5 52. Kxd3 Qd4+ 53. Ke2 Rc6 54. Ke1 Bd6 55. Qe2 Bb4+ 56. Kf1 Rg6 0-1

[Event "Oberliga Bayern 9495"]
[Site "Bayern"]
[Date "1995.??.??"]
[Round "1"]
[White "Milov, Leonid"]
[Black "Gdanski, Jacek"]
[Result "1-0"]
[WhiteElo "2525"]
[BlackElo "2490"]
[PlyCount "89"]
[EventDate "1994.10.??"]
[Source "www.chesslib.no"]
[SourceDate "2004.05.04"]

1. Nf3 Nf6 2. g3 d5 3. c4 d4 4. Bg2 c5 5. b4 cxb4 6. a3 bxa3 7. Bxa3 Nc6 8. O-O e5 9. Bxf8 Kxf8 10. d3 g6 11. Nbd2 Kg7 12. Qb3 Rb8 13. Rfb1 h6 14. Ne1 Bg4 15. Ne4 Re8 16. Qa3 Bxe2 17. Nd6 e4 18. Nxe8+ Qxe8 19. Rb2 Bg4 20. dxe4 Ne5 21. Qc5 Nc6 22. f3 Be6 23. Nd3 Nd7 24. Qb5 a6 25. Qa4 Qe7 26. f4 Nc5 27. Nxc5 Qxc5 28. Qa3 Qxa3 29. Rxa3 Bxc4 30. Kf2 a5 31. Rb6 Rd8 32. Ke1 Ba6 33. Kd2 Rc8 34. Ra1 Nb4 35. Rc1 Rd8 36. Rc5 a4 37. Rxb4 a3 38. Ra4 Rd6 39. Rxa3 Rb6 40. Ra2 Rb3 41. Rxa6 bxa6 42. Bf1 a5 43. Rxa5 Rb2+ 44. Kd3 Rxh2 45. Kxd4 1-0

[Event "Decin-A"]
[Site "Decin CZE"]
[Date "1976.??.??"]
[Round "9"]
[White "Plachetka, Jan"]
[Black "Alburt, Lev O"]
[Result "1-0"]
[WhiteElo "2470"]
[BlackElo "2520"]
[PlyCount "117"]
[EventDate "1976.06.??"]
[Source "www.chesslib.no"]
[SourceDate "2004.05.04"]

1. Nf3 Nf6 2. c4 c5 3. g3 d5 4. Bg2 Nc6 5. O-O d4 6. d3 e5 7. b4 cxb4 8. Nbd2 Bd6 9. a3 Qe7 10. axb4 Bxb4 11. Ne1 O-O 12. Nc2 Bd6 13. Nb3 Rd8 14. Ba3 Bf5 15. Qd2 Rac8 16. Bxd6 Rxd6 17. Nb4 Nxb4 18. Qxb4 a6 19. Na5 Qc7 20. Qxb7 Rb6 21. Qxc7 Rxc7 22. Rfb1 Rxb1+ 23. Rxb1 Nd7 24. Nc6 Kf8 25. Ra1 f6 26. Rxa6 g5 27. Bd5 h5 28. Kg2 Kg7 29. f4 gxf4 30. gxf4 Bg4 31. fxe5 fxe5 32. Kf2 Rc8 33. Ra7 Kf6 34. h4 Re8 35. Rc7 Rg8 36. Ra7 Rc8 37. Ra6 Kg7 38. Be4 Rf8+ 39. Kg3 Rf6 40. Ra7 Kf8 41. Ra5 Bxe2 42. Nxe5 Nxe5 43. Rxe5 Rd6 44. Kf4 Rf6+ 45. Rf5 Ke7 46. Ke5 Rg6 47. Kxd4 Rg4 48. Ke3 Bd1 49. Rf4 Rg3+ 50. Kd4 Bg4 51. Bf5 Bxf5 52. Rxf5 Rg4+ 53. Kd5 Rxh4 54. c5 Rh1 55. d4 h4 56. Rh5 h3 57. c6 h2 58. Rh7+ Kf6 59. c7 1-0

[Event "Moscow"]
[Site "?"]
[Date "2004.??.??"]
[Round "?"]
[White "Rashkovsky, N."]
[Black "Zhukova, N."]
[Result "0-1"]
[WhiteElo "2515"]
[BlackElo "2460"]
[PlyCount "90"]
[EventDate "2004.??.??"]
[Source "Chess Informant"]
[SourceDate "2004.02.01"]

1. g3 d5 2. Bg2 c5 3. d3 e5 4. c4 d4 5. Nf3 Nc6 6. O-O f6 7. e3 Bg4 8. h3 Be6 9. exd4 cxd4 10. a3 a5 11. Re1 Qd7 12. h4 Nge7 13. Nbd2 Nd8 14. Ne4 Nec6 15. Bd2 h6 16. c5 a4 17. Bb4 Be7 18. Nfd2 O-O 19. Nc4 Bxc4 20. dxc4 Qc7 21. Nd6 Nxb4 22. axb4 Bxd6 23. Bd5+ Kh8 24. cxd6 Qxd6 25. Rxa4 Rxa4 26. Qxa4 f5 27. b5 e4 28. Qa3 Qf6 29. c5 Re8 30. c6 bxc6 31. bxc6 Qe5 32. Qb3 d3 33. h5 Kh7 34. Kg2 Ne6 35. Bxe6 Rxe6 36. Qc4 Re7 37. b4 d2 38. Rd1 e3 39. fxe3 Qxe3 40. Qf1 Qe4+ 41. Qf3 Qc2 42. Kf2 Re1 43. c7 Rxd1 44. c8=Q Rf1+ 45. Kxf1 Qxc8 0-1

[Event "Montréal"]
[Site "?"]
[Date "2005.01.17"]
[Round "3"]
[White "Hebert Jean"]
[Black "Mikhalevski Victor"]
[Result "0-1"]
[WhiteElo "2409"]
[BlackElo "2566"]
[PlyCount "106"]
[EventDate "2005.??.??"]
[Source "www.chesslib.no"]
[SourceDate "2004.05.04"]

1. Nf3 d5 2. g3 c5 3. Bg2 Nf6 4. O-O Nc6 5. c4 d4 6. d3 g6 7. e4 Bg7 8. Nh4 e5 9. h3 O-O 10. a3 Kh8 11. b4 a6 12. Qe1 Nh5 13. Nf3 f5 14. exf5 gxf5 15. Ra2 e4 16. Nh4 e3 17. fxe3 Ne5 18. Rd2 dxe3 19. Qxe3 f4 20. gxf4 Nc6 21. Bxc6 bxc6 22. Ng2 Ra7 23. Qf3 Bd4+ 24. Kh1 Ng7 25. Re2 Nf5 26. Nd2 Rg7 27. Ne4 Rfg8 28. Ng5 h6 29. Re4 hxg5 30. fxg5 Rh7 31. bxc5 Qd7 32. h4 Ng7 33. Bf4 Ne6 34. Be5+ Bxe5 35. Rxe5 Qg7 36. Qf6 Qxf6 37. gxf6 Rf8 38. Kh2 Rh6 39. Ref5 Nd4 40. R5f4 Ne6 41. Rf5 Kh7 42. Kg3 Ng7 43. Rg5 Nh5+ 44. Kh2 Nxf6 45. Kg1 Rd8 46. Re5 Bh3 47. Re7+ Kg8 48. Rf3 Rd4 49. Rd7 Bxd7 50. Kf2 Ng4+ 51. Ke2 Ne5 52. Rg3+ Kf7 53. Kd2 Bf5 0-1

[Event "After Holidays GM"]
[Site "Tel Aviv"]
[Date "2003.10.23"]
[Round "5"]
[White "Lerner, Konstantin Z"]
[Black "Vydeslaver, Alik"]
[Result "1/2-1/2"]
[WhiteElo "2524"]
[BlackElo "2449"]
[PlyCount "97"]
[EventDate "2003.10.19"]
[Source "Roberto Alvarez"]
[SourceDate "2003.11.03"]

1. Nf3 Nf6 2. c4 c5 3. g3 d5 4. Bg2 Nc6 5. O-O d4 6. e3 e5 7. exd4 exd4 8. d3 Be7 9. Bf4 O-O 10. Ne5 Nxe5 11. Bxe5 Bd6 12. Bxf6 Qxf6 13. Nd2 Bf5 14. Ne4 Qg6 15. Qa4 Be7 16. a3 a5 17. Rfe1 Qb6 18. f4 Qc7 19. Nf2 Rfe8 20. Bd5 Bd7 21. Qd1 Bf8 22. Qf3 Bc6 23. Ng4 Rad8 24. Bxc6 Qxc6 25. Qg2 Bd6 26. f5 h5 27. Nf2 Re3 28. Rad1 Qf3 29. Rxe3 Qxe3 30. Qe4 Re8 31. Qxe3 dxe3 32. Ne4 Be5 33. Kf1 Bxb2 34. a4 Re5 35. Rb1 Rxf5+ 36. Ke2 Bd4 37. Rxb7 h4 38. g4 Rf4 39. h3 f5 40. gxf5 Rxf5 41. Ra7 g5 42. Rxa5 g4 43. hxg4 Rf7 44. Rb5 h3 45. Rb1 Ra7 46. Rh1 Rxa4 47. Rxh3 Ra2+ 48. Kf3 Ra3 49. Ke2 1/2-1/2

[Event "Solin"]
[Site "Solingen GER"]
[Date "1993.??.??"]
[Round "?"]
[White "Kovacevic, Vlatko"]
[Black "Jukic, Mirko"]
[Result "1/2-1/2"]
[WhiteElo "2485"]
[BlackElo "2480"]
[PlyCount "37"]
[EventDate "1993.??.??"]
[Source "www.chesslib.no"]
[SourceDate "2004.05.04"]

1. c4 c5 2. g3 Nf6 3. Bg2 d5 4. Nf3 Nc6 5. O-O d4 6. e3 e5 7. exd4 exd4 8. Re1+ Be7 9. Ne5 Nxe5 10. Rxe5 O-O 11. d3 Bd6 12. Re1 Bg4 13. Qb3 Re8 14. Bd2 Rxe1+ 15. Bxe1 Qe7 16. Nd2 Bf5 17. a4 Rb8 18. a5 h6 19. Rd1 1/2-1/2

[Event "Ostend Open"]
[Site "Ostend"]
[Date "1989.??.??"]
[Round "7"]
[White "Ree, Hans"]
[Black "Van der Sterren, Paul"]
[Result "0-1"]
[WhiteElo "2460"]
[BlackElo "2500"]
[PlyCount "60"]
[EventDate "1989.??.??"]
[Source "www.chesslib.no"]
[SourceDate "2004.05.04"]

1. g3 d5 2. Bg2 Nf6 3. Nf3 g6 4. b3 Bg7 5. Bb2 c5 6. c4 d4 7. b4 O-O 8. O-O Nfd7 9. d3 e5 10. a3 a5 11. b5 Re8 12. Qc2 f5 13. Nbd2 Nf6 14. Rae1 Nbd7 15. e3 h6 16. exd4 exd4 17. Rxe8+ Nxe8 18. Re1 Nd6 19. Nxd4 cxd4 20. c5 Nxb5 21. Qc4+ Kh7 22. Qxb5 Ne5 23. f4 Bd7 24. Qxb7 Rb8 25. Qd5 Nxd3 26. Rb1 Qe7 27. Bxd4 Rxb1+ 28. Nxb1 Bc6 29. Qc4 Qe1+ 30. Bf1 Qe4 0-1

[Event "Mittelrhein Ch U20"]
[Site "GER"]
[Date "1994.??.??"]
[Round "?"]
[White "Van der Werf, Mark"]
[Black "Sosonko, Gennadi P"]
[Result "0-1"]
[WhiteElo "2430"]
[BlackElo "2525"]
[PlyCount "20"]
[EventDate "1994.??.??"]
[Source "www.chesslib.no"]
[SourceDate "2004.05.04"]

1. Nf3 d5 2. g3 c5 3. Bg2 Nc6 4. c4 d4 5. d3 e5 6. O-O Nge7 7. e3 h6 8. exd4 exd4 9. Bf4 Be6 10. Ne5 Nxe5 0-1

[Event "US Open"]
[Site "Chicago, IL USA"]
[Date "1989.??.??"]
[Round "9"]
[White "De Fotis, Gregory"]
[Black "Dlugy, Maxim"]
[Result "0-1"]
[WhiteElo "2385"]
[BlackElo "2570"]
[PlyCount "58"]
[EventDate "1989.08.??"]
[Source "www.chesslib.no"]
[SourceDate "2004.05.04"]

1. g3 d5 2. Bg2 e5 3. c4 d4 4. d3 c5 5. Nf3 Nc6 6. O-O Nf6 7. b4 cxb4 8. a3 a5 9. e3 dxe3 10. Bxe3 Be6 11. Re1 Be7 12. axb4 Bxb4 13. Bd2 Bd6 14. Nc3 O-O 15. Rb1 Bb4 16. Nb5 Nd7 17. Ng5 Bf5 18. Ne4 Bxe4 19. Bxe4 Nc5 20. Bxb4 Nxb4 21. d4 exd4 22. Nxd4 g6 23. Re3 Re8 24. Bg2 Rxe3 25. fxe3 Qe7 26. Qf3 Re8 27. Nb3 b6 28. Kf2 a4 29. Nc1 a3 0-1